[Event "SVK-ch U14"]
[Site "Liptovsky Mikulas"]
[Date "2007.04.23"]
[Round "2"]
[White "Pastir, Tomas"]
[Black "Veselovsky, Michal"]
[Result "0-1"]
[WhiteElo "1350"]
[BlackElo "1369"]
[PlyCount "90"]
[EventDate "2007.04.22"]
[EventType "swiss"]
[EventRounds "9"]
[EventCountry "SVK"]
[SourceTitle "EXT 2008"]
[Source "ChessBase"]
[SourceDate "2007.11.25"]
[SourceVersion "1"]
[SourceVersionDate "2007.11.25"]
[SourceQuality "1"]

1. e4 e5 2. Nf3 Nc6 3. d4 exd4 4. Nxd4 Nf6 5. Nxc6 bxc6 6. e5 Qe7 7. Bf4 d6 8. Qe2 Ng4 9. exd6 cxd6 10. Qxe7+ Bxe7 11. f3 Ne5 12. Bxe5 dxe5 13. Nd2 Rb8 14. 0-0-0 Be6 15. Kb1 Ba3 16. b3 0-0 17. Nc4 Bxc4 18. Bxc4 Rfd8 19. Rxd8+ Rxd8 20. g3 h6 21. f4 exf4 22. gxf4 g5 23. fxg5 hxg5 24. c3 c5 25. Rg1 Kf8 26. Kc2 f6 27. Rd1 Rxd1 28. Kxd1 Kg7 29. Ke2 Kh6 30. Kf3 Kh5 31. h3 f5 32. Be2 Bb2 33. Kg3+ Kg6 34. c4 a5 35. h4 gxh4+ 36. Kxh4 Kf6 37. Bd3 Ke5 38. Kg5 f4 39. Kg4 Bc1 40. a3 Bxa3 41. Bf5 Bc1 42. Bd3 Kd4 43. Bf1 Kc3 44. Kf3 Kxb3 45. Ke4 a4 0-1